Statistics for NFL Passing Touchdown Leaders

Click here to take the quiz!

General Stats

  • This quiz has been taken 37 times
    (18 since last reset)
  • The average score is 39 of 60

Answer Stats

Year TD Passes Answer % Correct
201036Tom Brady
100%
200631Peyton Manning
100%
200750*Tom Brady
100%
200449*Peyton Manning
100%
201355*Peyton Manning
100%
200228Tom Brady
100%
201536Tom Brady
100%
2000*33Peyton Manning
100%
199941Kurt Warner
89%
199735Brett Favre
89%
199538Brett Favre
89%
198644Dan Marino
89%
198530Dan Marino
89%
17Terry Bradshaw
89%
197828Terry Bradshaw
89%
198448*Dan Marino
89%
199639Brett Favre
89%
200136Kurt Warner
89%
2008*34Drew Brees
89%
200934Drew Brees
89%
200332Brett Favre
89%
201146Drew Brees
89%
201243Drew Brees
89%
201640Aaron Rodgers
89%
201734Russell Wilson
78%
17Joe Montana
78%
201440Andrew Luck
78%
198731Joe Montana
78%
199329Steve Young
78%
199836Steve Young
78%
199225Steve Young
78%
199435Steve Young
78%
23Roger Staubach
67%
34Philip Rivers
67%
19Joe Namath
56%
199033Warren Moon
56%
199133Jim Kelly
56%
33Daunte Culpepper
56%
197722Bob Griese
44%
197627Ken Stabler
44%
197426Ken Stabler
44%
200532Carson Palmer
44%
1975*25Fran Tarkenton
44%
1982*17Dan Fouts
44%
198133Dan Fouts
44%
197121John Hadl
33%
197024John Brodie
33%
198332Lynn Dickey
33%
196826Earl Morrall
33%
196731Sonny Jurgensen
22%
196924Roman Gabriel
22%
198831Jim Everett
22%
198031Steve Bartkowski
22%
1979*28Steve Grogan
22%
25Joe Ferguson
22%
198929Jim Everett
22%
28Brian Sipe
22%
1973*23Roman Gabriel
22%
1972*19Billy Kilmer
11%
196629Frank Ryan
0%

Score Distribution

Percentile by Number Answered

Percent of People with Each Score

Your Score History

You have not taken this quiz since the last reset